El aprendizaje basado en problemas : ilustración de un modelo de aplicaciones en psicopedagogía (Record no. 111295)

MARC details
000 -CABECERA
campo de control de longitud fija 00632nab a2200193 a 4500
005 - FECHA Y HORA DE LA ÚLTIMA TRANSACCIÓN
campo de control 20210219155140.0
008 - ELEMENTOS DE LONGITUD FIJA--INFORMACIÓN GENERAL
campo de control de longitud fija 991125s1985 mx 000 0 spa u
035 ## - NÚMERO DE CONTROL DEL SISTEMA
Número de control de sistema UPN01000139147
100 1# - ASIENTO PRINCIPAL--NOMBRE PERSONAL
Nombre de persona García, Jesús-Nicasio
222 ## - TÍTULO CLAVE
Título clave CULTURA Y EDUCACION :
Información calificativa REVISTA DE TEORIA, INVESTIGACION Y PRACTICA
245 ## - MENCIÓN DE TÍTULO
Título El aprendizaje basado en problemas : ilustración de un modelo de aplicaciones en psicopedagogía
260 ## - PUBLICACIÓN, DISTRIBUCIÓN, ETC.
Lugar de publicación, distribución, etc. Madrid, España
300 ## - DESCRIPCIÓN FÍSICA
Extensión 65-79
362 0# - FECHAS DE PUBLICACIÓN Y/O DESIGNACIÓN SECUENCIAL
Fecha de publicación y/o designación secuencial 2002 Vol. 4, no. 1
653 0# - TERMINO DE INDIZACION - NO CONTROLADO
Término no controlado PSICOPEDAGOGIA
653 0# - TERMINO DE INDIZACION - NO CONTROLADO
Término no controlado FORMACION PROFESIONAL
653 0# - TERMINO DE INDIZACION - NO CONTROLADO
Término no controlado PROBLEMAS DE LA PROFESION
905 ## - TIPO DE MATERIAL
Tipo de material Articulo

No items available.